LDR 00814naa#a2200241#i#450# 001 EN\\bibl\125248 005 20260630081233.2 011 ## _a2077-7566 100 ## _a20260629b2026####ek#y0engy0150####ca 102 ## _aRU 200 1# _aEFFECTIVENESS OF TABLETS FOR CLEANING REMOVABLE DENTURES _eJournal article 210 1# _aEkaterinburg _cTIRAZH Publishing House _d2026 215 ## _a6 с. 608 ## _aJournal article _2local 675 ## _aСтоматология. Заболевания ротовой полости и зубов. 616.31 _z 700 #1 _aMarenkova _gMarina l. 700 #1 _aMirsaev _gTimur Damirovich 700 #1 _aMatveeva _gTatiana V. 700 #1 _aKolesnik _gTatiana A. 700 #1 _aKhalilova _gSuraiia Kh. 700 #1 _aMamedova _gEmilya Elkhan kyzy 700 #1 _aGasimova _gSabina E. 856 4# _adental-press.ru _u